Hamilton Characters - Statistics

General Stats
  • This quiz has been taken 117 times
  • The average score is 16 of 18
Answer Stats
Clue Character % Correct
The Prodigy of Princeton College Aaron Burr
99%
A Bastard, Orphan Alexander Hamilton
99%
Searching For An Urchin Angelica Schuyler - Church
98%
The Storyteller Eliza Schuyler - Hamilton
98%
Kicking Ass As The Ambassador Thomas Jefferson
98%
Will Send A Fully Armed Battalion King George
96%
The Venerated Virginian Veteran George Washington
95%
Needs No Introduction Hercules Mulligan
93%
Beating, Cheating, Mistreating James Reynolds
93%
Someone Looking Pretty Maria Reynolds
93%
Lancelot Marquis de Lafayette
93%
She Confides In Hamilton Peggy Schuyler
92%
I Am A Poet Philip Hamilton
89%
Red In The Face James Madison
84%
On A Black Stallion John Laurens
80%
The Battle of Monmouth Charles Lee
75%
It's Hard To Listen To You Samuel Seabury
71%
Fourth of July Speaker George Eacker
52%
No matching quizzes found
Score Distribution
Percent of People with Each Score
Percentile by Number Answered
Your Score History
You have not taken this quiz